Ensayos sobre integración económica
محفوظ في:
| المؤلف الرئيسي: | |
|---|---|
| مؤلف مشترك: | |
| التنسيق: | نص |
| منشور في: |
Guatemala:
Editorial Universitaria
|
| الوسوم: |
إضافة وسم
لا توجد وسوم, كن أول من يضع وسما على هذه التسجيلة!
|
MARC
| LEADER | 00000 a a2200000 04500 | ||
|---|---|---|---|
| 001 | 22987 | ||
| 003 | |||
| 040 | |||
| 090 | |a 157800 | ||
| 100 | |a Guerra Borges, Alfredo | ||
| 110 | |a Universidad de San Carlos de Guatemala | ||
| 245 | |a Ensayos sobre integración económica | ||
| 260 | |a Guatemala: |b Editorial Universitaria | ||
| 300 | |a 161 p.; n. 18 |b **no definido** | ||
| 999 | |c 12023 |d 12023 | ||
